|
|
|
|
| LEADER |
01116nam a22003017a 4500 |
| 001 |
41461 |
| 003 |
BD-DhAAL |
| 008 |
231004t1966 nbu||||| b||| 00| 0 eng d |
| 020 |
|
|
|a 0822001195
|
| 040 |
|
|
|a BD-DhAAL
|c BD-DhAAL
|
| 082 |
|
|
|a 873.01
|
| 100 |
|
|
|a Milch, Robert J.
|9 55657
|
| 245 |
|
|
|a The Aeneid :
|b notes /
|c Robert J. Milch.
|
| 246 |
|
|
|a Cliffs notes on Virgil's The Aeneid
|
| 246 |
|
|
|a Virgil's The Aeneid
|
| 260 |
|
|
|a Lincoln, Neb. :
|b Cliff's Notes,
|c 1966.
|
| 300 |
|
|
|a 80 pages ;
|b 21 cm.
|
| 490 |
|
|
|a Cliffs notes on
|
| 504 |
|
|
|a Includes bibliographical references (page 77).
|
| 541 |
|
|
|a Donated By Akbar Ali Khan
|e 41461
|
| 600 |
|
|
|a Virgil.
|t Aeneid.
|9 55658
|
| 650 |
|
|
|a LITERARY CRITICISM
|x Ancient & Classical.
|2 bisacsh
|9 55659
|
| 710 |
|
|
|a Cliffs Notes, Inc.
|9 55660
|
| 830 |
|
|
|a Cliffs notes on
|9 55661
|
| 852 |
|
|
|a Ayesha Abed Library
|c Akbar Ali Khan Collection
|
| 942 |
|
|
|2 ddc
|c BK
|
| 999 |
|
|
|c 46204
|d 46204
|
| 952 |
|
|
|0 0
|1 0
|2 ddc
|4 0
|6 873_010000000000000_MIL
|7 1
|9 74513
|a BRACUL
|b BRACUL
|c AAKC
|d 2023-10-04
|e Donated By Akbar Ali Khan
|l 0
|o 873.01 MIL
|p 3010041461
|r 2023-10-04
|t 1
|w 2023-10-04
|y BK
|